Normal view MARC view
  • SOLAR PHOTOVOLTAICS.SOLAR CELL FUNDAMENTALS.SOLAR CELL TECHNOLOGIES.SOLAR PHOTOVOLTAICS APPLICATIONS.SOLAR PHOTOVOLTAICS FUNDAMENTALS.SOLAR PHOTOVOLTAICS TECHNOLOGIES.SOLAR PHOTOVOLTAICS APPLICATIONS

Entry Topical Term

Number of records used in: 1

001 - CONTROL NUMBER

  • control field: 68966

003 - CONTROL NUMBER IDENTIFIER

  • control field: NUST

005 - DATE AND TIME OF LATEST TRANSACTION

  • control field: 20210628204141.0

008 - FIXED-LENGTH DATA ELEMENTS

  • fixed length control field: 210628|| aca||aabn | a|a d

040 ## - CATALOGING SOURCE

  • Original cataloging agency: NUST
  • Transcribing agency: NUST

150 ## - HEADING--TOPICAL TERM

  • Topical term or geographic name entry element: SOLAR PHOTOVOLTAICS.SOLAR CELL FUNDAMENTALS.SOLAR CELL TECHNOLOGIES.SOLAR PHOTOVOLTAICS APPLICATIONS.SOLAR PHOTOVOLTAICS FUNDAMENTALS.SOLAR PHOTOVOLTAICS TECHNOLOGIES.SOLAR PHOTOVOLTAICS APPLICATIONS

670 ## - SOURCE DATA FOUND

  • Source citation: Work cat.: (NUST): Solanki, Chetan Singh 18936, Solar photovoltaics , fundamentals, technologies and applications, 2011
© 2023 Central Library, National University of Sciences and Technology. All Rights Reserved.